ZKM Gdynia - 105 - Statystyki

Ogólne statystyki
  • Ten quiz został rozwiązany 29 razy
    25 od ostatniego zresetowania
  • Średni wynik to 37 z 47
Statystyki odpowiedzi
Miejscowość Przystanek Ulica % Poprawnych
Gdynia 3 Maja 10 Lutego
100%
Gdynia Bpa Okoniewskiego Morska
100%
Gdynia Gdynia Dworzec Gł. PKP - Morska Morska
100%
Gdynia Hutnicza - Estakada Estakada Kwiatkowskiego
100%
Gdynia Kalksztajnów Morska
100%
Gdynia Mireckiego Morska
100%
Gdynia Morska - Estakada Morska
100%
Gdynia Obłuże Centrum Estakada Kwiatkowskiego
100%
Gdynia Stocznia SKM - Morska Morska
100%
Gdynia Terminal Kontenerowy Janka Wiśniewskiego
100%
Gdynia Uniwersytet Morski Morska
100%
Gdynia Armii Krajowej Władysława IV
88%
Gdynia Centrum Nauki Experyment Redłowska
88%
Gdynia Gołębia Janka Wiśniewskiego
88%
Gdynia Harcerska Aleja Zwycięstwa
88%
Gdynia Pogórze Dolne Unruga
88%
Pogórze Pogórze Górne Wiejska
88%
Gdynia Redłowo Szpital Powstania Styczniowego
88%
Gdynia Wzgórze Św. Maksymiliana - Kapliczka Aleja Zwycięstwa
88%
Gdynia Żelazna Unruga
88%
Gdynia Żeliwna Unruga
88%
Kosakowo Centrum Sportowe Żeromskiego
75%
Kosakowo Cmentarz - Brama Główna Rzemieślnicza
75%
Gdynia Czernickiego I Czernickiego
75%
Gdynia Czernickiego II Czernickiego
75%
Gdynia Kilińskiego Władysława IV
75%
Gdynia Kuśnierska Unruga
75%
Gdynia Podgórska Unruga
75%
Pogórze Przedszkole Kościuszki
75%
Mechelinki Przystań Falista
75%
Mosty Szkoła Szkolna
75%
Kosakowo Urząd Gminy Żeromskiego
75%
Gdynia Wzgórze Św. Maksymiliana SKM Władysława IV
75%
Mosty Brzozowa Leśna
63%
Kosakowo Gryfa Pomorskiego Derdowskiego
63%
Kosakowo Kosakowo Cmentarz Komunalny Rzemieślnicza
63%
Kosakowo Krokusowa Chrzanowskiego
63%
Pogórze Obrońców Wybrzeża Kościuszki
63%
Mosty Ogrodowa Szkolna
63%
Gdynia Powstań Chłopskich Legionów
63%
Pogórze Pułaskiego Wiejska
63%
Gdynia Ruchu Oporu Legionów
63%
Kosakowo Staw Chrzanowskiego
63%
Kosakowo Tulipanowa Rzemieślnicza
63%
Mosty Wierzbowa Leśna
63%
Kosakowo Złote Piaski Lubczykowa
63%
Gdynia Lutycka Legionów
38%
Nie znaleziono quizów pasujących do podanych kryteriów
Rozkład punktacji
Procent ludzi z każdym wynikiem
Percentyl według liczby udzielonych odpowiedzi
Twoja historia wyników
Nie rozwiązałeś tego quizu od ostatniego zresetowania